| 000 | 00504nam a22002057a 4500 | ||
|---|---|---|---|
| 003 | koha_MIRAKIL | ||
| 005 | 20231213100130.0 | ||
| 008 | 231213b |||||||| |||| 00| 0 ||| d | ||
| 020 | _b978-9-75263376-6 | ||
| 040 |
_aTR-IsEVY _btur _cTR-IsEVY |
||
| 082 | _a576 ARN/T | ||
| 100 | _aArnold, Nick. | ||
| 245 | 0 | _aTatil yaptıran hastalıklar | |
| 250 | _a7. bs. | ||
| 260 |
_bTimaş Yayınları, _c2014 |
||
| 300 | _a160 s. | ||
| 650 | _aDiseases. | ||
| 650 | _aHastalıklar. | ||
| 942 |
_2ddc _cBK |
||
| 999 |
_c15028 _d15028 |
||